Deporte y agresión

Sparad:
Bibliografiska uppgifter
Huvudupphovsman: Cagigal, José María (Författare, medförfattare)
Materialtyp: Bok
Språk:spanska
Publicerad: Barcelona Planeta 1976
Serie:Difusión Cultural
Ämnen:
Taggar: Lägg till en tagg
Inga taggar, Lägg till första taggen!

MARC

LEADER 00000nam a2200000 a 4500
001 UCU0387
003 CL-VaPUC
008 960322e19760000SP |||||||||||||||||spa|d
082 0 4 |a 796.01  |b CAG  |2 21 
100 0 |a Cagigal, José María  |e author  |9 355495 
245 1 0 |a Deporte y agresión 
300 |a 189 p 
942 |c BK 
945 |d 19960322 00:00:00  |a cmena 
260 |a Barcelona  |b Planeta  |c 1976 
650 7 |a DEPORTE  |2 CL-VaPUC  |9 355496 
650 7 |a DEPORTE DE COMBATE  |2 CL-VaPUC  |9 355497 
650 0 |a Actividades culturales  |9 335506 
650 0 |a Agresividad  |9 257862 
650 7 |a SUFRIMIENTO  |2 CL-VaPUC  |9 323030 
583 |a last modification  |c 19960322 00:00:00  |k Rodrigo Vera 
490 0 |a Difusión Cultural 
999 |c 245245  |d 245243 
952 |0 0  |1 0  |4 0  |6 796_010000000000000_CAG_1976  |7 0  |8 P  |9 259700  |a BIBEDU  |b BIBEDU  |c BIBEDU_PB  |d 2019-11-19  |i 1632787  |o 796.01 CAG 1976  |p 1632787  |r 2024-01-25  |w 2019-11-19  |y BK  |k EDU